[Event "Vlissingen HZ op 17th"]
[Site "Vlissingen"]
[Date "2013.08.10"]
[Round "9"]
[White "Van Gool, Henk"]
[Black "Krosenbrink, Marcel"]
[Result "1-0"]
[WhiteElo "2152"]
[BlackElo "1949"]
[PlyCount "65"]
[EventDate "2013.08.03"]
[EventType "swiss"]
[EventRounds "9"]
[EventCountry "NED"]
[SourceTitle "CBM 155 Extra"]
[Source "ChessBase"]
[SourceDate "2013.08.26"]
[SourceVersion "1"]
[SourceVersionDate "2013.08.26"]
[SourceQuality "1"]

1. d4 Nf6 2. Nf3 d5 3. g3 c6 4. Bg2 Bg4 5. c4 e6 6. Ne5 Bh5 7. Nc3 Nbd7 8. Qb3 Qb6 9. Nd3 Qxb3 10. axb3 Bg6 11. Kd2 Nb6 12. c5 Nbd7 13. f3 Bxd3 14. Kxd3 e5 15. e3 a6 16. b4 0-0-0 17. Bd2 g6 18. g4 Bg7 19. h3 Ne8 20. h4 Nc7 21. Bh3 Rhe8 22. f4 exf4 23. exf4 Kb8 24. f5 Nf6 25. Rhf1 Ne4 26. Bf4 gxf5 27. g5 Rd7 28. Bxf5 Rde7 29. Rf3 Ka7 30. Bd6 h6 31. Bxe7 Rxe7 32. Rg1 hxg5 33. hxg5 1-0

[Event "Vlissingen HZ op 16th"]
[Site "Vlissingen"]
[Date "2012.08.11"]
[Round "9"]
[White "Van Gool, Henk"]
[Black "White, Michael JR"]
[Result "1-0"]
[WhiteElo "2127"]
[BlackElo "2346"]
[PlyCount "115"]
[EventDate "2012.08.04"]
[EventType "swiss"]
[EventRounds "9"]
[EventCountry "NED"]
[SourceTitle "CBM 149 Extra"]
[Source "ChessBase"]
[SourceDate "2012.08.24"]
[SourceVersion "1"]
[SourceVersionDate "2012.08.24"]
[SourceQuality "1"]

1. d4 Nf6 2. g3 g6 3. Bg2 Bg7 4. e4 d6 5. Nc3 0-0 6. Nge2 e5 7. h3 c6 8. a4 Nbd7 9. a5 Rb8 10. dxe5 dxe5 11. Be3 b5 12. axb6 axb6 13. 0-0 b5 14. Nc1 c5 15. Nb3 Qc7 16. g4 b4 17. Nd5 Nxd5 18. Qxd5 Bb7 19. Ra7 Rfc8 20. Qd2 Bf8 21. Rfa1 Nf6 22. Na5 Ne8 23. Bf1 Nd6 24. f3 f5 25. Nxb7 Rxb7 26. Qd5+ Qf7 27. Rxb7 Qxd5 28. exd5 Nxb7 29. Ra7 Rb8 30. Kg2 f4 31. Bf2 g5 32. h4 h6 33. Bd3 Bd6 34. b3 Kf8 35. Bb5 Nd8 36. Rd7 Nf7 37. Bc6 Rc8 38. Ra7 Nd8 39. Rh7 Nf7 40. Bd7 Rc7 41. Be6 Kg8 42. Rxh6 Kg7 43. Rh5 gxh4 44. Bxh4 c4 45. Bf5 cxb3 46. cxb3 Rc3 47. Rh7+ Kg8 48. Bf6 Rxb3 49. g5 Rb2+ 50. Kh3 Nxg5+ 51. Bxg5 Rf2 52. Rd7 Rxf3+ 53. Kg4 Rg3+ 54. Kh5 f3 55. Be6+ Kf8 56. Bf6 Be7 57. Bxe7+ Ke8 58. Bf6 1-0

[Event "Vlissingen HZ op 16th"]
[Site "Vlissingen"]
[Date "2012.08.08"]
[Round "6"]
[White "Kok, Ivo"]
[Black "Van Gool, Henk"]
[Result "0-1"]
[WhiteElo "1989"]
[BlackElo "2127"]
[PlyCount "70"]
[EventDate "2012.08.04"]
[EventType "swiss"]
[EventRounds "9"]
[EventCountry "NED"]
[SourceTitle "CBM 149 Extra"]
[Source "ChessBase"]
[SourceDate "2012.08.24"]
[SourceVersion "1"]
[SourceVersionDate "2012.08.24"]
[SourceQuality "1"]

1. e4 c5 2. Nf3 d6 3. d4 cxd4 4. Nxd4 Nf6 5. Nc3 a6 6. Bg5 Nbd7 7. a4 Qa5 8. Qd2 e6 9. Be2 h6 10. Be3 Be7 11. 0-0 Ne5 12. f3 Bd7 13. Rfd1 Rc8 14. Nb3 Qc7 15. Qd4 Nc6 16. Qd2 0-0 17. a5 Nb4 18. Rac1 d5 19. e5 Qxe5 20. Bf4 Qh5 21. g4 Qg6 22. Kh1 Rfd8 23. Rg1 Nh7 24. Bg3 f6 25. h4 Qf7 26. Rce1 e5 27. f4 d4 28. Ne4 Rxc2 29. Qd1 Qxb3 30. fxe5 Bc6 31. Bf3 fxe5 32. g5 hxg5 33. Bh5 Nf6 34. Bg6 Qe6 35. Bh2 Qh3 0-1

[Event "Vlissingen HZ op 16th"]
[Site "Vlissingen"]
[Date "2012.08.06"]
[Round "4"]
[White "Van Gool, Henk"]
[Black "Lambregts, Frank"]
[Result "1-0"]
[WhiteElo "2127"]
[BlackElo "1935"]
[PlyCount "59"]
[EventDate "2012.08.04"]
[EventType "swiss"]
[EventRounds "9"]
[EventCountry "NED"]
[SourceTitle "CBM 149 Extra"]
[Source "ChessBase"]
[SourceDate "2012.08.24"]
[SourceVersion "1"]
[SourceVersionDate "2012.08.24"]
[SourceQuality "1"]

1. Nf3 d6 2. d4 g6 3. e4 Bg7 4. c3 Nf6 5. Nbd2 c6 6. Bd3 Nbd7 7. 0-0 0-0 8. Qe2 e5 9. dxe5 dxe5 10. Bc2 Qc7 11. a4 b6 12. a5 b5 13. b4 a6 14. c4 c5 15. Ba3 Re8 16. bxc5 Nxc5 17. Rfc1 Bd7 18. Bxc5 Qxc5 19. cxb5 Bxb5 20. Bd3 Bxd3 21. Qxd3 Qa7 22. Rc6 Ng4 23. Rb6 Bf8 24. h3 Nh6 25. Rc1 Reb8 26. Qd5 Bg7 27. Rcc6 Rxb6 28. axb6 Qb8 29. Nc4 Qf8 30. b7 1-0

[Event "Nettetal op"]
[Site "Nettetal"]
[Date "2010.07.04"]
[Round "2"]
[White "Van Gool, Henk"]
[Black "Toubartz, Heinz"]
[Result "1-0"]
[WhiteElo "2181"]
[BlackElo "1726"]
[PlyCount "57"]
[EventDate "2010.07.03"]
[EventType "swiss"]
[EventRounds "9"]
[EventCountry "GER"]
[SourceTitle "CBM 137 Extra"]
[Source "ChessBase"]
[SourceDate "2010.09.01"]
[SourceVersion "1"]
[SourceVersionDate "2010.09.01"]
[SourceQuality "1"]

1. d4 Nf6 2. Nf3 e6 3. g3 d5 4. Bg2 c5 5. 0-0 Nc6 6. Nc3 Be7 7. Bf4 a6 8. dxc5 Bxc5 9. Na4 Be7 10. c4 Bd7 11. c5 Nh5 12. Be3 Qc7 13. Rb1 0-0 14. b4 Ne5 15. Nb6 Rad8 16. Nxe5 Qxe5 17. Bd4 Qc7 18. e4 Nf6 19. Bxf6 Bxf6 20. exd5 exd5 21. Nxd5 Qe5 22. Re1 Qg5 23. Nxf6+ Qxf6 24. Qf3 Bf5 25. Rbd1 Qg6 26. Rxd8 Rxd8 27. Qxb7 h6 28. Qb6 Be6 29. Qxd8+ 1-0

[Event "Maastricht Limburg op-A 4th"]
[Site "Maastricht"]
[Date "2010.05.23"]
[Round "5"]
[White "Van Gool, Henk"]
[Black "Wislez, Francis"]
[Result "1-0"]
[WhiteElo "2161"]
[BlackElo "2040"]
[PlyCount "93"]
[EventDate "2010.05.21"]
[EventType "swiss"]
[EventRounds "7"]
[EventCountry "NED"]
[SourceTitle "CBM 136 Extra"]
[Source "ChessBase"]
[SourceDate "2010.07.02"]
[SourceVersion "2"]
[SourceVersionDate "2010.07.15"]
[SourceQuality "1"]

1. d4 e6 2. Nf3 d5 3. g3 c5 4. Bg2 Nc6 5. 0-0 Qb6 6. e3 Bd7 7. Nc3 cxd4 8. exd4 a6 9. Ne2 Rc8 10. c3 Bd6 11. Rb1 Nf6 12. Bf4 Bxf4 13. Nxf4 0-0 14. Re1 Ne4 15. Nd3 f5 16. Nfe5 Nxe5 17. Nxe5 Qd6 18. f3 Nf6 19. Nd3 b6 20. Bf1 Bb5 21. Nf4 Bd7 22. Qd2 b5 23. a3 Rce8 24. Re5 Re7 25. Rbe1 Rfe8 26. Nd3 Bc8 27. Qf4 Nh5 28. Qe3 g6 29. Bh3 Ng7 30. Qg5 Bd7 31. Nb4 Rf7 32. Nd3 Bc8 33. Bf1 Rfe7 34. Nf4 Kf7 35. h4 Bd7 36. Kf2 Bc8 37. Bd3 Bd7 38. Rh1 Rg8 39. Qh6 Rh8 40. h5 gxh5 41. Nxd5 Ree8 42. Bxf5 Qc6 43. Nb4 Qc4 44. Bxh7 Rxh7 45. Qxh7 a5 46. Rg5 Rg8 47. Nd3 1-0

[Event "Maastricht Limburg op-A 4th"]
[Site "Maastricht"]
[Date "2010.05.22"]
[Round "3"]
[White "Van Gool, Henk"]
[Black "Driessens, Patrick"]
[Result "0-1"]
[WhiteElo "2161"]
[BlackElo "2357"]
[PlyCount "62"]
[EventDate "2010.05.21"]
[EventType "swiss"]
[EventRounds "7"]
[EventCountry "NED"]
[SourceTitle "CBM 136 Extra"]
[Source "ChessBase"]
[SourceDate "2010.07.02"]
[SourceVersion "2"]
[SourceVersionDate "2010.07.15"]
[SourceQuality "1"]

1. d4 d5 2. Nf3 Nf6 3. g3 Bf5 4. Bg2 e6 5. 0-0 Be7 6. c4 c6 7. Nc3 h6 8. Nd2 Nbd7 9. e4 dxe4 10. Ndxe4 Nxe4 11. Nxe4 Nf6 12. Nc3 0-0 13. h3 Qc7 14. Qe2 Rad8 15. Rd1 Rd7 16. Be3 Rfd8 17. Rac1 Qa5 18. a3 Qa6 19. Qf1 Ne8 20. Ne4 Bxe4 21. Bxe4 Bf6 22. Bd3 Bxd4 23. c5 Qa5 24. Qe2 Nf6 25. Bxd4 Rxd4 26. Qe3 Kf8 27. f3 Qa4 28. Rd2 Qb3 29. Rc3 Qd5 30. Bc4 Rxd2 31. Bxd5 Rd1+ 0-1

[Event "NRW Class1 0910"]
[Site "Germany"]
[Date "2010.04.25"]
[Round "9.2"]
[White "Van Gool, Henk"]
[Black "Langers, Alexander"]
[Result "1-0"]
[WhiteElo "2164"]
[BlackElo "2224"]
[PlyCount "59"]
[EventDate "2009.09.20"]
[EventType "team-tourn"]
[EventRounds "9"]
[EventCountry "GER"]
[SourceTitle "EXT 2011"]
[Source "ChessBase"]
[SourceDate "2010.11.26"]
[SourceVersion "1"]
[SourceVersionDate "2010.11.26"]
[SourceQuality "1"]
[WhiteTeam "Krefeld Turm"]
[BlackTeam "Herne Sodingen"]
[WhiteTeamCountry "GER"]
[BlackTeamCountry "GER"]

1. d4 d5 2. Nf3 Nf6 3. g3 e6 4. Bg2 Bd6 5. c4 c6 6. Qc2 0-0 7. 0-0 Nbd7 8. Nbd2 Re8 9. e4 dxe4 10. Nxe4 Nxe4 11. Qxe4 e5 12. Qc2 exd4 13. Nxd4 Qf6 14. Be3 Ne5 15. c5 Bc7 16. h3 h5 17. Rad1 Ng6 18. Qd2 Bf5 19. Bg5 Qe5 20. Rfe1 Qxc5 21. b4 Qc4 22. Nxf5 Rxe1+ 23. Rxe1 a5 24. Re4 Qb5 25. Ne7+ Nxe7 26. Bxe7 axb4 27. Bxb4 c5 28. Bc3 Rd8 29. Qg5 f6 30. Bxf6 1-0

[Event "NRW Class1 0910"]
[Site "Germany"]
[Date "2010.03.21"]
[Round "8.2"]
[White "Muschik, Benedikt"]
[Black "Van Gool, Henk"]
[Result "1-0"]
[WhiteElo "2284"]
[BlackElo "2164"]
[PlyCount "77"]
[EventDate "2009.09.20"]
[EventType "team-tourn"]
[EventRounds "9"]
[EventCountry "GER"]
[SourceTitle "EXT 2011"]
[Source "ChessBase"]
[SourceDate "2010.11.26"]
[SourceVersion "1"]
[SourceVersionDate "2010.11.26"]
[SourceQuality "1"]
[WhiteTeam "Neuenkirchen"]
[BlackTeam "Krefeld Turm"]
[WhiteTeamCountry "GER"]
[BlackTeamCountry "GER"]

1. d4 Nf6 2. Bf4 e6 3. e3 c5 4. c3 Nc6 5. Nd2 a6 6. a4 b6 7. Ngf3 Bb7 8. Bd3 h6 9. Nc4 d5 10. Nce5 Nd7 11. 0-0 Be7 12. Nxc6 Bxc6 13. Ne5 Nxe5 14. Bxe5 Bf6 15. f4 Qd7 16. b3 Qb7 17. Qe2 Ke7 18. a5 c4 19. bxc4 dxc4 20. Bxc4 b5 21. Bd3 Be4 22. Rab1 Qc6 23. Qc2 Bxd3 24. Qxd3 Rhc8 25. Rfc1 Qc4 26. Qc2 Bxe5 27. fxe5 Rab8 28. Rb4 Qd5 29. Qb1 Rc4 30. Qh7 Rbc8 31. Rxc4 Rxc4 32. Qxg7 Qe4 33. Qf6+ Ke8 34. Rf1 Qxe3+ 35. Kh1 Rc7 36. Qh8+ Ke7 37. Qg8 Kd7 38. Rxf7+ Kc6 39. Qa8+ 1-0

[Event "NRW Class1 0910"]
[Site "Germany"]
[Date "2010.01.31"]
[Round "6.2"]
[White "Cramer, Volker"]
[Black "Van Gool, Henk"]
[Result "1/2-1/2"]
[WhiteElo "2094"]
[BlackElo "2164"]
[PlyCount "131"]
[EventDate "2009.09.20"]
[EventType "team-tourn"]
[EventRounds "9"]
[EventCountry "GER"]
[SourceTitle "EXT 2011"]
[Source "ChessBase"]
[SourceDate "2010.11.26"]
[SourceVersion "1"]
[SourceVersionDate "2010.11.26"]
[SourceQuality "1"]
[WhiteTeam "Koeln Lasker"]
[BlackTeam "Krefeld Turm"]
[WhiteTeamCountry "GER"]
[BlackTeamCountry "GER"]

1. d4 Nf6 2. Nf3 e6 3. g3 b5 4. Bg2 Bb7 5. a4 b4 6. a5 c5 7. c3 Bd5 8. dxc5 Bxc5 9. cxb4 Bxb4+ 10. Bd2 Nc6 11. Bxb4 Nxb4 12. Nc3 Rb8 13. Nxd5 Nbxd5 14. 0-0 Rxb2 15. Qd4 Qb8 16. Ng5 0-0 17. e4 Ne7 18. e5 Nf5 19. Qf4 Rb4 20. Qd2 Ng4 21. Rae1 Rb5 22. Nf3 Nxe5 23. Nxe5 Rxe5 24. Rb1 Rb5 25. Qd3 Rb4 26. a6 d5 27. Bxd5 Rd8 28. Rxb4 Qxb4 29. Qc4 Qxc4 30. Bxc4 Kf8 31. Rb1 Nd6 32. Bd3 e5 33. f3 f5 34. Kf2 Rc8 35. Ke3 Ke7 36. g4 g6 37. gxf5 gxf5 38. Rb4 Rg8 39. Rh4 Rg7 40. Rh6 Rf7 41. Rh5 Ke6 42. Rh4 Rg7 43. Bc2 f4+ 44. Kf2 Nf5 45. Rh5 Ne3 46. Be4 Nd5 47. Rxh7 Rxh7 48. Bxh7 Nb4 49. Bg8+ Kf6 50. Bc4 Kg5 51. Bb5 Nc2 52. Bd7 Nd4 53. Bc8 Nb3 54. Ke2 Nc5 55. Kf2 Kf6 56. Ke2 Ke7 57. Bb7 Kd8 58. h4 Ke7 59. Kd2 Kf6 60. Kc3 Ne6 61. Kd3 Nd4 62. Be4 Nb5 63. Kc4 Nc7 64. Bb7 Ke6 65. Kc5 e4 66. Bxe4 1/2-1/2

[Event "Vlissingen HZ op 13th"]
[Site "Vlissingen"]
[Date "2009.08.07"]
[Round "8"]
[White "Van Gool, Henk"]
[Black "Roessler, Wolfgang"]
[Result "1-0"]
[WhiteElo "2164"]
[BlackElo "2020"]
[PlyCount "63"]
[EventDate "2009.08.01"]
[EventType "swiss"]
[EventRounds "9"]
[EventCountry "NED"]
[SourceTitle "CBM 131 Extra"]
[Source "ChessBase"]
[SourceDate "2009.09.03"]
[SourceVersion "2"]
[SourceVersionDate "2009.09.16"]
[SourceQuality "1"]

1. d4 Nf6 2. Nf3 d5 3. g3 c6 4. Bg2 Bf5 5. 0-0 e6 6. b3 Nbd7 7. Bb2 Bd6 8. c4 0-0 9. Nc3 Be4 10. Nxe4 Nxe4 11. Qc2 Re8 12. Ne5 Nef6 13. h3 Nf8 14. Rad1 Qc7 15. Kh2 Ng6 16. f4 Rad8 17. e3 Nd7 18. Rc1 Qb8 19. h4 Rf8 20. e4 Bxe5 21. dxe5 dxc4 22. Qxc4 Nb6 23. Qc3 Rd7 24. f5 Nh8 25. Bh3 Re8 26. Rcd1 Qd8 27. Qc2 Na8 28. Rxd7 Qxd7 29. Rd1 Qc8 30. Qd2 Nc7 31. f6 Ng6 32. h5 1-0

[Event "Maastricht Limburg op 3rd"]
[Site "Maastricht"]
[Date "2009.06.01"]
[Round "6"]
[White "Lafosse, Jimmy"]
[Black "Van Gool, Henk"]
[Result "0-1"]
[WhiteElo "2039"]
[BlackElo "2125"]
[PlyCount "92"]
[EventDate "2009.05.29"]
[EventType "swiss"]
[EventRounds "7"]
[EventCountry "NED"]
[SourceTitle "CBM 130 Extra"]
[Source "ChessBase"]
[SourceDate "2009.07.02"]
[SourceVersion "2"]
[SourceVersionDate "2009.07.15"]
[SourceQuality "1"]

1. f4 d5 2. Nf3 g6 3. g3 Bg7 4. Bg2 c6 5. 0-0 Qb6+ 6. d4 Nh6 7. c3 Nd7 8. Na3 Nf5 9. Nc2 Nf6 10. e3 Nd6 11. Nb4 Bf5 12. Nd3 h5 13. Nde5 Be4 14. Bh3 Bf5 15. Bg2 Be4 16. Bh3 Bxf3 17. Rxf3 e6 18. b3 Nfe4 19. Qc2 g5 20. Rf1 g4 21. Bg2 h4 22. Bxe4 Nxe4 23. Nxg4 hxg3 24. hxg3 Nxg3 25. Rf3 Ne4 26. Nf2 Nxf2 27. Rxf2 0-0-0 28. Rg2 Rdg8 29. Bb2 Qd8 30. Qf2 Bf6 31. Kf1 Bh4 32. Qf3 Rxg2 33. Qxg2 Rg8 34. Qh1 Rg4 35. Rd1 Qg8 36. Rd2 Qg6 37. Bc1 Be1 38. Rg2 Bxc3 39. Rxg4 Qxg4 40. Kf2 Qg6 41. Ba3 Qc2+ 42. Kg3 Qe2 43. Qh8+ Kd7 44. Qe5 Be1+ 45. Kh3 Qf3+ 46. Kh2 Bg3+ 0-1

[Event "Maastricht Limburg op 3rd"]
[Site "Maastricht"]
[Date "2009.06.01"]
[Round "7"]
[White "Van Gool, Henk"]
[Black "Klein, Felix"]
[Result "1/2-1/2"]
[WhiteElo "2125"]
[BlackElo "2288"]
[PlyCount "69"]
[EventDate "2009.05.29"]
[EventType "swiss"]
[EventRounds "7"]
[EventCountry "NED"]
[SourceTitle "CBM 130 Extra"]
[Source "ChessBase"]
[SourceDate "2009.07.02"]
[SourceVersion "2"]
[SourceVersionDate "2009.07.15"]
[SourceQuality "1"]

1. d4 d5 2. Nf3 c6 3. g3 Bf5 4. Bg2 e6 5. 0-0 Nf6 6. b3 Be7 7. Bb2 0-0 8. c4 Nbd7 9. Nc3 h6 10. Nd2 a5 11. e4 dxe4 12. Ndxe4 Nxe4 13. Nxe4 a4 14. g4 Bh7 15. f4 axb3 16. axb3 Qb6 17. f5 exf5 18. gxf5 Nf6 19. Ng3 Rxa1 20. Bxa1 Ra8 21. Kh1 Ra2 22. d5 cxd5 23. cxd5 Qb4 24. Bxf6 Bxf6 25. Ne4 Be5 26. Qg4 Kf8 27. f6 gxf6 28. Nxf6 Qxg4 29. Nxg4 Bd6 30. Nxh6 Bg6 31. Nf5 Bxf5 32. Rxf5 Rb2 33. Rf3 Rd2 34. h3 Rxd5 35. Rxf7+ 1/2-1/2

[Event "Maastricht Limburg op 3rd"]
[Site "Maastricht"]
[Date "2009.05.31"]
[Round "4"]
[White "Stopa, Jacek"]
[Black "Van Gool, Henk"]
[Result "1-0"]
[WhiteElo "2471"]
[BlackElo "2125"]
[PlyCount "87"]
[EventDate "2009.05.29"]
[EventType "swiss"]
[EventRounds "7"]
[EventCountry "NED"]
[SourceTitle "CBM 130 Extra"]
[Source "ChessBase"]
[SourceDate "2009.07.02"]
[SourceVersion "2"]
[SourceVersionDate "2009.07.15"]
[SourceQuality "1"]

1. e4 c5 2. Nf3 d6 3. d4 cxd4 4. Nxd4 Nf6 5. Nc3 a6 6. Bg5 e6 7. f4 Qc7 8. Qf3 Nbd7 9. 0-0-0 b5 10. Bd3 Bb7 11. Rhe1 Qc5 12. Nb3 Qb6 13. Kb1 Rb8 14. a3 b4 15. axb4 Qxb4 16. Bf1 Nc5 17. Rd4 Nxb3 18. Rxb4 Nd2+ 19. Kc1 Nxf3 20. gxf3 Nd7 21. Ra4 Nc5 22. Ra5 Bc8 23. Rd1 f6 24. Bh4 Be7 25. Bf2 0-0 26. Bc4 Rb4 27. Rd4 Kh8 28. Na2 Rb6 29. b4 Nb7 30. Rxa6 Rxa6 31. Bxa6 e5 32. Rc4 Be6 33. Rc7 Bxa2 34. Rxb7 Bd8 35. c4 Bb3 36. f5 g6 37. Rd7 gxf5 38. exf5 d5 39. Rxd5 Be7 40. Kb2 Ba4 41. Bc5 Rf7 42. b5 Bd1 43. b6 Bxf3 44. Rd7 1-0

[Event "NRW Class2 0809"]
[Site "Germany"]
[Date "2009.04.26"]
[Round "9.3"]
[White "Strohmeyer, Jochen"]
[Black "Van Gool, Henk"]
[Result "1/2-1/2"]
[WhiteElo "2213"]
[BlackElo "2114"]
[PlyCount "59"]
[EventDate "2008.09.21"]
[EventType "team-tourn"]
[EventRounds "9"]
[EventCountry "GER"]
[SourceTitle "EXT 2010"]
[Source "ChessBase"]
[SourceDate "2010.11.25"]
[SourceVersion "1"]
[SourceVersionDate "2010.11.25"]
[SourceQuality "1"]
[WhiteTeam "Koeln Lasker"]
[BlackTeam "Krefeld"]
[WhiteTeamCountry "GER"]
[BlackTeamCountry "GER"]

1. e4 c5 2. Nf3 d6 3. d4 cxd4 4. Nxd4 Nf6 5. Nc3 a6 6. Be3 e6 7. Qd2 Be7 8. f3 0-0 9. 0-0-0 Nc6 10. g4 Nxd4 11. Qxd4 Nd7 12. Qd2 b5 13. f4 Bb7 14. Bg2 Qc7 15. Rhe1 Rfd8 16. g5 Rac8 17. f5 b4 18. Ne2 Ne5 19. Nd4 Nc4 20. Qd3 e5 21. f6 exd4 22. fxe7 Qxe7 23. Bf4 Ne3 24. Bxe3 dxe3 25. Qxe3 Rc5 26. h4 Rdc8 27. Qd3 Qe5 28. Kb1 R8c6 29. Re2 a5 30. Qd4 1/2-1/2

[Event "Vlissingen HZ op 12th"]
[Site "Vlissingen"]
[Date "2008.08.05"]
[Round "5"]
[White "Van Gool, Henk"]
[Black "Duijker, Rick"]
[Result "0-1"]
[WhiteElo "2114"]
[BlackElo "2220"]
[PlyCount "46"]
[EventDate "2008.08.02"]
[EventType "swiss"]
[EventRounds "9"]
[EventCountry "NED"]
[SourceTitle "CBM 125 Extra"]
[Source "ChessBase"]
[SourceDate "2008.09.01"]
[SourceVersion "1"]
[SourceVersionDate "2008.09.01"]
[SourceQuality "1"]

1. d4 e6 2. g3 c5 3. Nf3 b6 4. dxc5 bxc5 5. c4 Bb7 6. Bg2 Be7 7. Nc3 Nf6 8. 0-0 0-0 9. b3 d5 10. cxd5 exd5 11. Ne5 Nbd7 12. f4 Qc7 13. Nxd7 Qxd7 14. e4 d4 15. e5 Bxg2 16. exf6 Bxf1 17. Ne4 Ba6 18. fxe7 Qxe7 19. Ng5 Rfe8 20. f5 h6 21. Nh3 Qe1+ 22. Qxe1 Rxe1+ 23. Kf2 Rae8 0-1

[Event "Vlissingen HZ op 11th"]
[Site "Vlissingen"]
[Date "2007.08.10"]
[Round "8"]
[White "Van Gool, Henk"]
[Black "Sinke, Wim"]
[Result "1-0"]
[WhiteElo "2149"]
[BlackElo "1983"]
[PlyCount "33"]
[EventDate "2007.08.04"]
[EventType "swiss"]
[EventRounds "9"]
[EventCountry "NED"]
[SourceTitle "CBM 119 Extra"]
[Source "ChessBase"]
[SourceDate "2007.09.04"]
[SourceVersion "1"]
[SourceVersionDate "2007.09.04"]
[SourceQuality "1"]

1. e4 e6 2. d4 d5 3. Nd2 Nf6 4. e5 Nfd7 5. Bd3 c5 6. c3 Nc6 7. Ne2 Be7 8. 0-0 cxd4 9. cxd4 Qb6 10. Nf3 f6 11. exf6 Nxf6 12. Re1 0-0 13. Nf4 Nd8 14. Qc2 Qc6 15. Qb1 Bb4 16. Ng5 Ne4 17. Rxe4 1-0

[Event "Maastricht Limburg op"]
[Site "Maastricht"]
[Date "2007.05.27"]
[Round "5"]
[White "Zilverberg, Jasper"]
[Black "Van Gool, Henk"]
[Result "0-1"]
[WhiteElo "2013"]
[BlackElo "2181"]
[PlyCount "80"]
[EventDate "2007.05.25"]
[EventType "swiss"]
[EventRounds "7"]
[EventCountry "NED"]
[SourceTitle "CBM 118 Extra"]
[Source "ChessBase"]
[SourceDate "2007.07.04"]
[SourceVersion "1"]
[SourceVersionDate "2007.07.04"]
[SourceQuality "1"]

1. c4 e5 2. g3 Nc6 3. Bg2 f5 4. Nc3 Nf6 5. e3 d6 6. Nge2 g6 7. 0-0 Bg7 8. d3 0-0 9. Rb1 a5 10. a3 Qe8 11. Nd5 Qf7 12. b4 axb4 13. axb4 Nd8 14. b5 Ne6 15. Nxf6+ Bxf6 16. Bd2 g5 17. f4 gxf4 18. exf4 e4 19. dxe4 fxe4 20. Be3 Ng7 21. Bxe4 Nf5 22. Bf2 Ra2 23. Rc1 Re8 24. Nc3 Rxf2 25. Rxf2 Ne3 26. Qd3 Ng4 27. Bd5 Be6 28. Re2 Kg7 29. Rxe6 Rxe6 30. f5 Qh5 31. Qc2 Bd4+ 32. Kh1 Bf2 33. h4 Bxg3 34. Bxe6 Qxh4+ 35. Kg1 Bf2+ 36. Kf1 Ne3+ 37. Ke2 Nxc2 38. Rxc2 Bd4 39. Nd5 c6 40. Ne3 Qe4 0-1

[Event "Maastricht Limburg op"]
[Site "Maastricht"]
[Date "2007.05.25"]
[Round "1"]
[White "Van Beek, Alexander"]
[Black "Van Gool, Henk"]
[Result "1-0"]
[WhiteElo "2386"]
[BlackElo "2181"]
[PlyCount "103"]
[EventDate "2007.05.25"]
[EventType "swiss"]
[EventRounds "7"]
[EventCountry "NED"]
[SourceTitle "CBM 118 Extra"]
[Source "ChessBase"]
[SourceDate "2007.07.04"]
[SourceVersion "1"]
[SourceVersionDate "2007.07.04"]
[SourceQuality "1"]

1. Nf3 d5 2. d4 Nf6 3. c4 e6 4. Nc3 Nbd7 5. cxd5 exd5 6. Bg5 Be7 7. e3 c6 8. Qc2 0-0 9. Bd3 Re8 10. h3 Nf8 11. 0-0 Ne4 12. Bxe7 Qxe7 13. Bxe4 dxe4 14. Nd2 f5 15. Rab1 Ng6 16. b4 b6 17. b5 c5 18. dxc5 Qxc5 19. Nb3 Qc4 20. Nd4 Bd7 21. Qb3 Rac8 22. Nd5 Re5 23. Nc3 f4 24. Rfe1 f3 25. gxf3 exf3 26. Nxf3 Rh5 27. Red1 Qxb3 28. Rxb3 Bxh3 29. Nd4 Re8 30. Ra3 Nh4 31. Nce2 Bg4 32. Rc1 Bxe2 33. Nxe2 Rxb5 34. Rxa7 Rb2 35. Rcc7 Nf3+ 36. Kg2 Nh4+ 37. Kg1 Nf3+ 38. Kf1 Rb1+ 39. Kg2 Nh4+ 40. Kh2 Nf5 41. Ng3 Rb2 42. Kg1 Ne7 43. Rxe7 Rxe7 44. Rxe7 Rxa2 45. Rb7 Rb2 46. Kg2 g6 47. Ne4 h5 48. Nf6+ Kf8 49. Rxb6 Rc2 50. Rb7 Rc6 51. Nd7+ Kg8 52. Rb6 1-0

[Event "Amsterdam ACT op 3rd"]
[Site "Amsterdam"]
[Date "2006.07.23"]
[Round "9"]
[White "Ouwendijk, Vincent"]
[Black "Van Gool, Henk"]
[Result "1-0"]
[WhiteElo "2210"]
[BlackElo "2208"]
[PlyCount "41"]
[EventDate "2006.07.15"]
[EventType "swiss"]
[EventRounds "9"]
[EventCountry "NED"]
[SourceTitle "CBM 113 Extra"]
[Source "ChessBase"]
[SourceDate "2006.09.14"]
[SourceVersion "1"]
[SourceVersionDate "2006.09.14"]
[SourceQuality "1"]

1. e4 e5 2. Nf3 Nc6 3. Nc3 Nf6 4. d4 exd4 5. Nxd4 Bb4 6. Nxc6 bxc6 7. Bd3 0-0 8. Qf3 Rb8 9. 0-0 Re8 10. Bg5 Be7 11. Bc4 d6 12. e5 dxe5 13. Rad1 Bd7 14. Bxf6 Bxf6 15. Ne4 Re7 16. Nxf6+ gxf6 17. Qxf6 e4 18. Rfe1 e3 19. Rxe3 Rxe3 20. Qxf7+ Kh8 21. fxe3 1-0

[Event "Amsterdam ACT op 3rd"]
[Site "Amsterdam"]
[Date "2006.07.20"]
[Round "6"]
[White "Van Gool, Henk"]
[Black "Becker, Martin Alexander"]
[Result "0-1"]
[WhiteElo "2208"]
[BlackElo "2335"]
[PlyCount "66"]
[EventDate "2006.07.15"]
[EventType "swiss"]
[EventRounds "9"]
[EventCountry "NED"]
[SourceTitle "CBM 113 Extra"]
[Source "ChessBase"]
[SourceDate "2006.09.14"]
[SourceVersion "1"]
[SourceVersionDate "2006.09.14"]
[SourceQuality "1"]

1. e4 c5 2. Nf3 d6 3. d4 cxd4 4. Nxd4 Nf6 5. Nc3 a6 6. Be2 e5 7. Nb3 Be7 8. Be3 Be6 9. 0-0 0-0 10. f4 exf4 11. Rxf4 Nc6 12. Nd4 Nxd4 13. Bxd4 Nd7 14. Qf1 Rc8 15. Rd1 Bg5 16. Rf2 Qe7 17. Bd3 Rfe8 18. g3 Ne5 19. h3 b5 20. Nd5 Bxd5 21. exd5 Qb7 22. Be4 g6 23. Re2 Rc7 24. g4 Rce7 25. Qg2 Nc4 26. Bf3 Be3+ 27. Kh1 Bxd4 28. Rxd4 Nxb2 29. Rde4 Na4 30. c4 Rxe4 31. Rxe4 Rxe4 32. Bxe4 bxc4 33. Bc2 Nc3 0-1

[Event "Amsterdam ACT op 3rd"]
[Site "Amsterdam"]
[Date "2006.07.15"]
[Round "1"]
[White "Van de Oudeweetering, Arthur"]
[Black "Van Gool, Henk"]
[Result "1/2-1/2"]
[WhiteElo "2345"]
[BlackElo "2208"]
[PlyCount "34"]
[EventDate "2006.07.15"]
[EventType "swiss"]
[EventRounds "9"]
[EventCountry "NED"]
[SourceTitle "CBM 113 Extra"]
[Source "ChessBase"]
[SourceDate "2006.09.14"]
[SourceVersion "1"]
[SourceVersionDate "2006.09.14"]
[SourceQuality "1"]

1. e4 e5 2. Nf3 Nc6 3. Bb5 a6 4. Bxc6 dxc6 5. Nc3 Bd6 6. d4 Bg4 7. dxe5 Bxf3 8. Qxf3 Bxe5 9. Bf4 Bxf4 10. Qxf4 Qd6 11. Qe3 Ne7 12. Rd1 Qe6 13. Qg3 0-0 14. 0-0 Rac8 15. Rfe1 Ng6 16. h3 Rfe8 17. Re3 Qf6 1/2-1/2